Running Lean: Cómo iterar de un plan A a un plan que funciona

Сохранить в:
Библиографические подробности
Главный автор: Maurya, Ash (autor)
Формат:
Язык:испанский
Опубликовано: Logroño UNIR 2014
Редактирование:1a. ed
Предметы:
Метки: Добавить метку
Нет меток, Требуется 1-ая метка записи!

MARC

LEADER 00000cam a2200000 a 4500
001 UCE9024
003 CL-VaPUC
008 150928e20140000sp |||||||||||||||||spa|d
020 |a 9788416125173 
082 0 4 |a 658.4013  |b MAU  |2 21 
100 |a Maurya, Ash  |e autor  |9 581733 
245 1 0 |a Running Lean: Cómo iterar de un plan A a un plan que funciona 
250 |a 1a. ed 
300 |a 261 p 
942 |c BK 
945 |d 20150928 14:02:00  |a dcastane 
260 |a Logroño  |b UNIR  |c 2014 
650 0 |a Planificación estratégica   |9 259735 
650 0 |a Empresas   |9 255569 
650 7 |a EMPRESARIADO  |2 CL-VaPUC  |9 581732 
583 |a last modification  |c 20150928 14:02:00  |k Rodrigo Vera 
999 |c 360763  |d 360761 
952 |0 0  |1 0  |3 erb  |4 0  |6 658_401300000000000_MAU_2014  |7 0  |8 A  |9 470697  |a BIBING  |b BIBING  |i 5199611  |o 658.4013 MAU 2014  |p 5199611  |r 2025-01-20  |w 2019-11-23  |y BK  |z Catalogado en:20150928  |k EII 
952 |0 0  |1 0  |2 ddc  |3 erb  |4 0  |6 658_401300000000000_MAU_2014  |7 0  |8 A  |9 470698  |a BIBING  |b BIBING  |i 519962K  |l 2  |m 1  |o 658.4013 MAU 2014  |p 519962K  |r 2025-01-20  |s 2022-09-13  |w 2019-11-23  |y BK  |z Catalogado en:20150928  |k EII 
952 |0 0  |1 0  |3 erb  |4 0  |6 658_401300000000000_MAU_2014  |7 0  |8 A  |9 470699  |a BIBING  |b BIBING  |i 5199638  |o 658.4013 MAU 2014  |p 5199638  |r 2025-01-20  |w 2019-11-23  |y BK  |z Catalogado en:20150928  |k EII 
952 |0 0  |1 0  |3 erb  |4 0  |6 658_401300000000000_MAU_2014  |7 0  |8 CCM  |9 470700  |a BIBCUR  |b BIBCUR  |i 5411394  |o 658.4013 MAU 2014  |p 5411394  |r 2025-04-22  |w 2019-11-23  |y BK_R  |z Catalogado en:20170728  |k CIM 
952 |0 0  |1 0  |3 erb  |4 0  |6 658_401300000000000_MAU_2014  |7 0  |8 CCM  |9 470701  |a BIBCUR  |b BIBCUR  |i 5411386  |o 658.4013 MAU 2014  |p 5411386  |r 2025-04-22  |w 2019-11-23  |y BK_R  |z Catalogado en:20170728  |k CIM 
952 |0 0  |1 0  |3 erb  |4 0  |6 658_401300000000000_MAU_2014  |7 0  |8 CCM  |9 470702  |a BIBCUR  |b BIBCUR  |i 5411378  |o 658.4013 MAU 2014  |p 5411378  |r 2025-04-22  |w 2019-11-23  |y BK_R  |z Catalogado en:20170728  |k CIM 
952 |0 0  |1 0  |3 erb  |4 0  |6 658_401300000000000_MAU_2014  |7 0  |8 CCM  |9 470703  |a BIBCUR  |b BIBCUR  |i 541136K  |o 658.4013 MAU 2014  |p 541136K  |r 2025-04-22  |w 2019-11-23  |y BK_R  |z Catalogado en:20170728  |k CIM 
952 |0 0  |1 0  |3 erb  |4 0  |6 658_401300000000000_MAU_2014  |7 0  |8 CCM  |9 470704  |a BIBCUR  |b BIBCUR  |i 5411351  |o 658.4013 MAU 2014  |p 5411351  |r 2025-04-22  |w 2019-11-23  |y BK_R  |z Catalogado en:20170728  |k CIM 
952 |0 0  |1 0  |3 erb  |4 0  |6 658_401300000000000_MAU_2014  |7 0  |8 CCM  |9 470705  |a BIBCUR  |b BIBCUR  |i 5411343  |o 658.4013 MAU 2014  |p 5411343  |r 2025-04-22  |w 2019-11-23  |y BK_R  |z Catalogado en:20170728  |k CIM 
952 |0 0  |1 0  |3 erb  |4 0  |6 658_401300000000000_MAU_2014  |7 0  |8 CCM  |9 470706  |a BIBCUR  |b BIBCUR  |i 5411335  |o 658.4013 MAU 2014  |p 5411335  |r 2025-04-22  |w 2019-11-23  |y BK_R  |z Catalogado en:20170728  |k CIM